000 00270nam a2200109Ia 4500
001 1263942
005 20260417141929.0
008 260417s9999 xx 000 0 und d
020 _a9786255929440
245 0 _aBakır Dönemi
_cNuri Pakdil
260 _bKetebe Yayınları
999 _c1263942
_d1263942